Most Runs Roblox Games in speedrun.com - Statistics

General Stats
  • This quiz has been taken 18 times
  • The average score is 6 of 100
Answer Stats
top 100 Answer % Correct
71 World//Zero
100%
1 Speed run 4
43%
5 DOORS
36%
4 Piggy
29%
75 THE Tower of Hell
29%
23 Tower of Hell
29%
85 Adopt Me!
21%
84 Break In
21%
76 Easy Obby!
21%
14 Jailbreak
21%
37 Time Trial
21%
2 Arsenal
14%
59 BARRY'S PRISON RUN
14%
43 BedWars
14%
28 Find the Markers
14%
53 get a snack at 4 am
14%
41 Pet Simulator 99
14%
88 Deepwoken
7%
100 Doomspire Brickbattle
7%
38 DOORS But Bad
7%
44 Flee The Facility
7%
52 Flood Escape
7%
6 Flood Escape 2
7%
30 Obby But You're on a Bike
7%
83 Prison Life
7%
12 Rise Of Nations
7%
97 Sonic Speed Simulator
7%
50 The Mimic
7%
3 Tower Defense Simulator
7%
25 Work at a Pizza Place
7%
61 Adventure Forwad 2:Points of Conflict
0%
16 Apeirophobia
0%
57 ball and axe
0%
94 be a dad and get milk simulator
0%
47 Car Obby
0%
54 Cleaning Simulator
0%
45 Climb 2000 Stairs to VIP
0%
31 Color Book
0%
11 Cool Obby 2
0%
96 Doc's Difficulty Chart Obby
0%
15 DOORS Category Extensions
0%
49 Down Hill Smash
0%
69 Dungeon Quest
0%
7 Entry Point
0%
39 Entry Point Category Extensions
0%
40 Escape Memes Obby!
0%
20 Escape The Dentist Obby
0%
92 Escape the Supermarket Obby
0%
62 Find the Bombs
0%
19 Find The Chomiks
0%
22 Find The Doges
0%
63 Find the Domos
0%
65 get a drink at 3 am
0%
68 get a snack at 4 am:SNACKORE
0%
70 Glass
0%
60 Gravity Shift
0%
90 Guest Obby 2
0%
66 Half-Blox 2
0%
48 HOURS
0%
73 Isle 8
0%
36 Isle 9
0%
8 Juke's Tower Of Hell
0%
99 Kitty
0%
80 lolwut
0%
9 Longest Obby In Roblox
0%
86 Make a Cake:Back for Seconds
0%
77 Marbventure
0%
56 Michael's Zombies
0%
82 Midnight Racing Tokyo
0%
55 Minions Adventure Obby:Desciable Forces
0%
29 NEED MORE HEAT
0%
21 Notoriety
0%
42 NPCs are becoming smart
0%
32 Obby Island
0%
27 Obby King Remastered
0%
91 Parking Panic
0%
67 Party.exe
0%
13 Piggy Book 2
0%
64 Rally Racing
0%
89 Red Plumber Adventure Obby
0%
46 Risky Ropes
0%
18 Robot 64
0%
51 Robot 64 Category Extensions
0%
35 Slenderman Obby
0%
93 Sneak Thief
0%
34 Speed Race
0%
33 Speed Run 4 Classic
0%
95 STEEP STEPS
0%
58 Super Blocky Ball
0%
98 Super Fun And Short Obby
0%
24 Super Golf
0%
26 Survive and Kill the Killers in Area 51
0%
87 Teamwork Puzzles
0%
10 The CrusheR
0%
78 The Day The Noobs Took Over Roblox 2
0%
17 The NEAT Project
0%
74 The Really Easy Obby!
0%
72 Tower Heroes
0%
81 WipeOut Obby (AUDI80)
0%
79 Your Bizarre Adventure
0%
No matching quizzes found
Score Distribution
Percent of People with Each Score
Percentile by Number Answered
Your Score History
You have not taken this quiz